000 00690 a2200217 4500
005 20250502110804.0
020 _a9781287896265
050 _aSB405
_bWHI 1915
100 _aWhite, Edward Albert
_eauthor
245 _aThe principles of floriculture :
_bprimary source edition /
_cEdward Albert White
264 _aNew York :
_bThe Macmillan Company,
_c1915.
300 _a467 pages :
_billustrations
336 _2rdacontent
_atext
_btxt
337 _2rdamedia
_aunmediated
_bn
338 _2rdacarrier
_avolume
_bnc
440 _aThe rural text-book series
500 _aIncludes index
650 _aFloriculture
700 _aBailey, L. H.
_eseries editor
942 _2lcc
_cBK
_h405
_iWHI
_kSB
999 _c5817
_d5817